LEADER 01830nam a2200385 u 4500 001 000000031503 003 CaOOAMICUS 005 20070226112140.0 008 971003s1971 sp u000 u spa u 035 $a10771410 040 $aPUL$bita 130 0 $aBiblia.$pV.T.$lSpagnolo.$kGruppi, scelte.$0(OLS)http://pul/title/43301 245 13$aLa Sagrada Escritura.$pAntiguo Testamento.$nVI (último),$pDaniel y Profetas menores /$ccolaboran: J. Alonso y F. Buck. 246 3 $aAntiguo Testamento 246 3 $aDaniel y Profetas menores 260 $aMadrid :$bBiblioteca de autores cristianos,$c1971. 300 $a607 p. ;$c19 cm 490 1 $aBiblioteca de autores cristianos ;$v323 630 04$aBiblia.$pV.T.$pDaniel.$0(OLS)http://pul/subject/15091 630 04$aBiblia.$pV.T.$pProphetae minores.$0(OLS)http://pul/subject/17292 700 1 $aBuck, F.$0(OLS)http://pul/name/25140 700 1 $aAlonso, J.$0(OLS)http://pul/name/25139 830 0$aBiblioteca de autores cristianos ;$v323.$0(OLS)http://pul/title/1365 850 $aPUL 852 $aPUL$W1$xSL Religione 1$y3$m1(7) L 35$j43510$nBK-PRI$b $qStampati$B43510$CPULBib$Z2$F43510 $H $81 852 $aPUL$W1$xDP1 Fondo Ciprotti$y59$m1533 B 14$j43511$nBK-PRI$b $qFondi$B43511$CPULBib$Z2$F43511 $H $81 941 1 $a8 941 1 $a1 961 $aINV: 37646 961 $aINV: 0247. Fondo Ciprotti 983 0$aBAC. 996 $6245$aLa Sagrada Escritura.$pAntiguo Testamento.$nVI (último),$pDaniel y Profetas menores$9(OLS)http://pul/title/43324 996 $6246$aAntiguo Testamento$9(OLS)http://pul/title/43298 996 $6246$aDaniel y Profetas menores$9(OLS)http://pul/title/43325 996 $6260$aMadrid :$bBiblioteca de autores cristianos$9(OLS)http://pul/publisher/51328 LEADER 01290nam a2200301 a 4500 001 000000041659 003 CaOOAMICUS 005 20130912123926.0 008 990208s1942 it u000 u ita u 035 $a10813527 040 $aPUL(R)$bita 100 1 $aNocera, Guglielmo.$0(OLS)http://pul/name/11568 245 10$aInsolvenza e responsabilità sussidiaria nel diritto romano /$cGuglielmo Nocera. 260 $aRoma :$bEdizioni Italiane,$c1942. 300 $avii, 338 p. ;$c26 cm 500 $aIncludes indici. 504 $aBibliografia in nota. 650 4$aDiritto romano.$0(OLS)http://pul/subject/382 850 $aPUL 852 $aPUL$W1$xDP2 Diritto e Scienze Sociali 1$y65$m189 A 24$j56411$nBK-PRI$a2.a copia$qStampati$B56411$CPULBib$Z2$F56411 $H9644 $82 852 $aPUL$W1$xDP2 Diritto e Scienze Sociali 1$y65$m187 G 34$j56412$nBK-PRI$qStampati$B56412$CPULBib$Z2$F56412 $H9563 $82 941 1 $a8 960 $aRoman law$9382 960 $aRoman law$9382 961 $aEx libris: Salvator Riccobono. 961 $aINV: 9563 996 $6245$aInsolvenza e responsabilità sussidiaria nel diritto romano$9(OLS)http://pul/title/56219 996 $6260$aRoma :$bEdizioni Italiane$9(OLS)http://pul/publisher/64644